|
|
|
|
| LEADER |
00812nam a22002297a 4500 |
| 001 |
29649 |
| 003 |
BD-DhAAL |
| 005 |
20240912095245.0 |
| 008 |
150902s1991 bg a|||| |||| 00| 0 eng d |
| 040 |
|
|
|a BD-DhAAL
|c BD-DhAAL
|
| 082 |
|
|
|a 307.1412095492
|2 22
|
| 245 |
|
|
|a Child survival program,
|f October 1986 - December 1990 /
|c BRAC.
|
| 260 |
|
|
|a Dhaka :
|b BRAC,
|c 1991
|
| 300 |
|
|
|a 59 pages :
|b illustrations ;
|c 34 cm.
|
| 541 |
|
|
|e 29649
|
| 610 |
|
|
|a BRAC
|9 14376
|
| 650 |
|
|
|a Rural Development
|z Bangladesh
|9 14377
|
| 710 |
|
|
|a BRAC
|9 14376
|
| 852 |
|
|
|a Ayesha Abed Library
|c BRAC Resource Section
|
| 942 |
|
|
|2 ddc
|c BK
|
| 999 |
|
|
|c 35420
|d 35420
|
| 952 |
|
|
|0 0
|1 0
|2 ddc
|4 0
|6 362_709549200000000_CHI
|7 1
|9 55702
|a BRACUL
|b BRACUL
|c BRS
|d 2015-09-02
|e BRAC
|l 1
|o 362.7095492 CHI
|p 3010029649
|r 2024-07-10
|s 2024-07-10
|t 1
|w 2015-09-02
|y BK
|x BRAC
|